| 000 | 00700nam a22002297a 4500 | ||
|---|---|---|---|
| 003 | UA-OsUOA | ||
| 001 | 88094 | ||
| 007 | ta | ||
| 008 | 20121001b un ||||| |||| 00| 0 ukr d | ||
| 100 | _aДолгова О. В. | ||
| 090 |
_a81'367 _bД64 |
||
| 942 | _cBK | ||
| 040 |
_aUA-OsUOA _brus _cUA-OsUOA _dUA-OsUOA |
||
| 245 |
_aСинтаксис как наука о построении речи _bУчеб. пособие |
||
| 300 | _a191 с. | ||
| 955 | _a2 | ||
| 041 | _arus | ||
| 080 | _a81'367 | ||
| 260 |
_aМ. _bВысш. школа _c1980 |
||
| 650 | 7 |
_a8 Мовознавство. Художня література. Літературознавство _2UDC |
|
| 999 |
_c374356 _d374356 |
||